[Event "Millennium CG Exclusive - Tasc R30 V2.5"]
[Site "Wien"]
[Date "2021.08.08"]
[Round "71"]
[White "Millennium CG Exclusive"]
[Black "Tasc R30 V2.5, aktiv"]
[Result "1/2-1/2"]
[WhiteElo "2402"]
[BlackElo "2335"]
[PlyCount "127"]
[EventDate "2021.??.??"]

1. e4 c6 2. Nf3 d5 3. Nc3 Bg4 {Buchende} 4. d4 e6 5. Be2 {Buchende} Bb4 {
lt. Stockfish steht Weiss knapp besser mit ca. +0,30} 6. e5 {Genius +0,25} Ne7
{Tasc -0,28} 7. O-O Nd7 8. Bg5 f6 9. exf6 gxf6 10. Bd2 Nf5 11. Nh4 Bxe2 12.
Nxe2 Bxd2 {ein ganz schwerer Fehler, der eigentlich schon die Partie verliert,
Stockfish +3,40 für Weiss, nötig war Sxh4 danach wäre Weiss nur knapp
besser gestanden.} 13. Nxf5 Bb4 14. c3 Bf8 $2 {auch das ist ein ganz
schlechter Zug, viel besser wenn auch schon verloren ist noch exf5, Stockfish
+7,00 für Weiss mit der Fortsetzung Sf4} 15. Neg3 {Genius +0,71 sieht noch
keinen grossen Vorteil, Stockfish +3,30.} h5 {Tasc -0,31, sieht noch keine
Gefahr.} 16. Re1 Kf7 17. Nh4 {weit besser ist De2 was Stockfish mit +3,50
bewertet, den Textzug sieht er nur noch mit +1,00 für Weiss.} f5 18. Nf3 h4
19. Nf1 Bh6 20. Qb3 Rb8 21. h3 Qc7 22. Nxh4 Bf4 23. Nf3 Rbg8 24. Kh1 Nf6 25.
Ne5+ $2 {ein ganz grober Fehler nach dem nun Weiss verloren ist, Stockfish +4,
50 für Schwarz mit der Fortsetzung Ke8, nötig war Dc2.} Bxe5 $2 {Tasc
vergibt die Siegchance} 26. Rxe5 {aber Schwarz steht trotzdem klar besser,
Stockfish +2,00 mit der Fortsetzung Se4} Ne4 27. Qc2 c5 28. Qe2 cxd4 29. cxd4
Qc4 $2 {vergibt den ganzen Vorteil, Stockfish hätte hier nach Dd8, 30. Txe4
gespielt, war offenbar eine Drohung, nach dem Textzug ist die Stellung
ausgeglichen.} 30. Qxc4 Nxf2+ 31. Kh2 dxc4 32. Ne3 Kf6 33. Rf1 Nd3 34. Ra5 Nxb2
35. Rxa7 Rh7 36. d5 c3 37. dxe6 Kxe6 38. Ra5 Nd3 39. Raxf5 Rd8 40. Rb5 {
an dieser Stelle gehen die Meinungen beider Programme weit auseinander, Genius
+1,26 (Stockfish 0,00)} Rc7 {Tasc +0,32} 41. Nc2 Rdd7 42. Rf3 Rc6 43. Rb3 b6
44. a3 Rd5 45. Kh1 Ke5 46. Re3+ Kf6 47. Kh2 Kf7 48. Rg3 b5 49. Rf3+ Kg6 50. Kh1
$2 {ein völlig sinnloser Zug} Rcc5 51. Re3 Kf6 52. Kh2 {der Genius weiss
nicht wo er hin will mit dem König, ist aber auch schwierig, lt. Analyse von
Stockfish sind die beiden verbundenen Freibauern von Weiss nicht zu verwerten,
Bewertung Stockfish 0,00} Rd8 53. Rf3+ Ke7 54. Rg3 Rdd5 55. Re3+ Kf6 56. Rf3+
Ke6 57. Kh1 {die Stellung gibt nichts mehr her, auch Stockfish weiss hier
keinen besseren Rat er hätte auch Kh1 gezogen.} Rc7 58. Kg1 Ke5 59. Kf1 Ke4
60. Rg3 Rcc5 61. Kg1 Rd8 62. Rf3 Ke5 63. Kh2 Rdd5 64. Kh1 {Userentscheid Remis,
da geht nichts mehr.} 1/2-1/2

[Event "Millennium CG Exclusive - Tasc R30 V2.5"]
[Site "Wien"]
[Date "2021.08.09"]
[Round "72"]
[White "Tasc R30 V2.5, aktiv"]
[Black "Millennium CG Exclusive"]
[Result "1-0"]
[WhiteElo "2335"]
[BlackElo "2402"]
[PlyCount "61"]
[EventDate "2021.??.??"]

1. c4 c6 2. Nf3 d5 3. e3 {Buchende} e6 4. d4 f5 5. Bd3 {Buchzug / Buchende} Nf6
6. Nc3 Bd6 {Buchende} 7. c5 {Tasc +0,71} Bc7 {Genius -0,15, lt. Stockfish
steht Weiss etwas besser mit ca. +0,40} 8. Bd2 Ne4 9. O-O b6 10. b4 O-O 11. Rc1
bxc5 12. bxc5 Ba6 {deutlich besser ist Df6} 13. Bxa6 Nxa6 14. Qa4 Nb8 15. Rb1
Rf7 16. Rfd1 a6 17. Rb3 g5 $1 {die beste Fortsetzung lt. Stockfish !, Weiss
steht noch knapp besser mit ca. +0,30} 18. Rdb1 {besser ist Le1, die Stellung
ist im Lot} g4 19. Nxe4 gxf3 $2 {ein ganz schlechter Zug, der Weiss klaren
Vorteil bringt, nach fxe4 wäre die Stellung im Lot, Stockfish +1,60 für
Weiss mit der Fortsetzung Sg3} 20. Ng3 fxg2 21. Kxg2 Rg7 22. Rb7 Kh8 $2 {
ein sinnloser Zug} 23. Kf1 Kg8 $2 {deutlich besser ist a5, Stockfish +3,50
für Weiss mit der Fortsetzung Sh5} 24. Nh5 $1 Rf7 {deutlich mehr Widerstand
bietet noch Tg6, obwohl auch nicht mehr gut, Stockfish +5,00 mit der
Fortsetzung La5} 25. Nf4 $2 {dieser Zug ist 3 Bauerneinheiten schlechter als
La5, Stockfish +2,00 für Weiss.} Qc8 {besser ist Lxf4} 26. Nd3 Qd8 27. Ne1 {
Tasc +1,25, deutlich besser ist Le1 was Stockfish mit +3,50 für Weiss sieht,
den Textzug bewertet er mit +1,30 für Weiss} Qh4 {Genius -0,18 hat wahrlich
keine Ahnung von dieser Stellung, nach diesem Katastrophenzug ist alles aus,
Stockfish +7,00 mit der Fortsetzung La5, der einzige Zug der noch Widerstand
bot war a5.} 28. Ba5 $1 {Tasc +2,01 sieht den Gewinn} Bxa5 {Genius -2,25,
jetzt hat er es erkannt.} 29. Rxb8+ Rxb8 30. Rxb8+ Bd8 31. Qxc6 {Die schwarze
Stellung zerfällt wie ein Kartenhaus, Rest geschenkt.} 1-0

[Event "Millennium CG Exclusive - Tasc R30 V2.5"]
[Site "Wien"]
[Date "2021.08.09"]
[Round "73"]
[White "Millennium CG Exclusive"]
[Black "Tasc R30 V2.5, aktiv"]
[Result "1/2-1/2"]
[WhiteElo "2402"]
[BlackElo "2335"]
[PlyCount "63"]
[EventDate "2021.??.??"]

1. e4 Nf6 2. e5 Nd5 3. d4 d6 4. Nf3 g6 5. Bc4 Nb6 6. Bb3 Bg7 {Buchende} 7. a4
dxe5 {Buchbewertung Tasc -0,42} 8. a5 N6d7 9. dxe5 {Buchende} Nxe5 10. Qxd8+ {
Buchbewertung Genius -0,06, lt. Stockfish ist die Stellung exakt gleich 0,00.}
Kxd8 11. Nxe5 Bxe5 12. Bxf7 Bf5 13. Bd5 c6 14. Bb3 Na6 15. O-O Nc5 16. Re1 Nxb3
17. cxb3 Bd4 18. Nd2 Re8 19. Nf3 e5 20. Be3 Bxb2 21. Ra2 Bd4 22. Rd2 c5 23. b4
b6 24. bxc5 bxc5 25. Nxe5 Rxe5 26. Bg5+ Kc7 27. Bf4 Rae8 28. Rxd4 cxd4 29. Rxe5
Kd7 30. f3 Rxe5 31. Bxe5 d3 32. Kf2 {Da geht nichts mehr, Remis !} 1/2-1/2

[Event "Millennium CG Exclusive - Tasc R30 V2.5"]
[Site "Wien"]
[Date "2021.08.10"]
[Round "74"]
[White "Tasc R30 V2.5, aktiv"]
[Black "Millennium CG Exclusive"]
[Result "1/2-1/2"]
[WhiteElo "2335"]
[BlackElo "2402"]
[PlyCount "118"]
[EventDate "2021.??.??"]

1. Nf3 g6 2. e4 Bg7 3. d4 d6 4. Be2 {Buchende} Nd7 5. Nc3 e5 {Buchende} 6. Bg5
{Tasc +0,74, lt. Stockfish ist die Erföffnung von Schwarz eine Katastrophe,
+1,50 für Weiss.} Bf6 {Genius -0,93} 7. Be3 Ne7 8. Qd2 {lt. Stockfish ist die
Partue praktisch verloren, +2,30 für Weiss.} O-O {deutlich besser ist Sc6,
Stockfish bereits +3,00 für Weiss mit der Fortsetzung 0-0-0} 9. O-O {
eindeutig die falsche Seite, Stockfish "nur" noch +1,30 für Weiss} exd4 10.
Nxd4 Re8 11. Rad1 Nb6 12. a4 Bd7 13. a5 Nbc8 $2 {ein ganz schlechter Zug, der
eigentlich die Partie schon verliert, Stockfish +4,00 mit der Fortsetzung f4,
nötig war Sa4, das hätte Stockfish mit nur +1,20 für Weiss gesehen, diesen
Zug verwirft der Genius leider im letzten Moment.} 14. Bg5 {Tasc +1,21} Nd5 {
Genius sieht sich nur knapp im Nachteil, -0,46 / Stockfish +2,80 mit der
Fortsetzung Lxf6 für Weiss} 15. Nxd5 Bxg5 16. f4 {auch mit dieser Variante
steht Weiss klar auf Gewinn, Stockfish +2,00.} Bh4 17. g3 {deutlich stärker
ist e5, was Stockfish mit +2,80 für Weiss bewertet, den Textzug mit nur noch
+1,00 mit der Fortsetzung c6.} c6 18. a6 {viel besser ist Se3, die Stellung
wäre nach Tb8 im Lot.} b5 $2 {ein schlechter Zug Weiss steht wieder klar
besser mit der Fortsetzung Sb4 mit +1,60} 19. gxh4 $2 {mit diesem Zug ist fast
der ganze Vorteil wieder weg, diese zugegeben komplizierte Stellung
überfordert beide Geräte} cxd5 20. exd5 Ne7 21. h5 Qb6 22. hxg6 hxg6 23. Rfe1
{besser ist Kh1} Qxa6 24. Bf3 Qb6 25. Be4 Nf5 26. Bxf5 Bxf5 27. Re3 Rac8 28. c3
Bd7 29. Rde1 Rxe3 30. Rxe3 b4 31. Qd3 {deutlich besser ist De1, Stockfish +1,
40 mit der Fortsetzung Da5 für Schwarz.} bxc3 32. bxc3 a5 {die Stellung ist
wieder im Lot mit der Fortsetzung f5.} 33. h4 {deutlich besser ist f5} a4 34.
h5 gxh5 $2 {Genius +1,34, übersieht die Remischance für Weiss mittels Se6,
fxe6, Dg6+ und Schwarz kommt nicht mehr aus dem Schach, nötig war Tb8 mit
klarem Vorteil für Schwarz.} 35. Qd1 $2 {ein absoluter Verlustzug, Stockfish
+4,00 mit der Fortsetzung Te8 für Schwarz.} Re8 $1 36. Rxe8+ {Tasc -1,22} Bxe8
{Genius +1,21 / Stockfish +5,00 für Schwarz.} 37. Qxh5 a3 {Genius +1,98} 38.
Qg5+ {Tasc nur -0,82 verkennt völlig die Lage / Stockfish +7,50 für Schwarz.}
Kf8 39. Qh6+ Ke7 40. Qg5+ f6 41. Qg4 Bf7 42. Qe2+ Kf8 43. Qc4 Qb1+ 44. Kf2 a2
45. Qc8+ Kg7 46. Qg4+ Bg6 $2 {mit diesem wahrlich unglaublichen Megabock,
vergibt Schwarz den sicheren Sieg und kommt nicht mehr aus dem Schach, nach
Dg6 ist Weiss verloren.} 47. Qd7+ Kh6 48. Qh3+ Bh5 49. Nf5+ Kg6 50. Nh4+ Kh7
51. Qd7+ Kg8 52. Nf5 Qc2+ 53. Kg3 Qxc3+ 54. Kh4 Qe1+ 55. Kxh5 Qe2+ 56. Kh4 Qh2+
57. Kg4 Qg2+ 58. Kh4 Qh1+ 59. Kg4 Qg1+ {Userentscheid Remis, es ist nichts
mehr möglich ausser Dauerschach.} 1/2-1/2

[Event "Millennium CG Exclusive - Tasc R30 V2.5"]
[Site "Wien"]
[Date "2021.08.12"]
[Round "75"]
[White "Millennium CG Exclusive"]
[Black "Tasc R30 V2.5, aktiv"]
[Result "1-0"]
[WhiteElo "2402"]
[BlackElo "2335"]
[PlyCount "135"]
[EventDate "2021.??.??"]

1. Nf3 d5 2. d4 Nc6 {Buchende} 3. Bf4 {Buchende} f6 {Buchbewertung Tasc -0,21,
hier beobachte ich wieder eine Eigenart des Tasc R30, offensichtlich hat er da
so eine Art Zufallsgenerator, denn diese Eröffnung gab es bereits in Runde 39
dieses Wettkampfes und da Zog der Tasc R30 3. e6.} 4. e3 {Buchbewertung Genius
+0,62, lt. Stockfish steht Weiss klar besser mit ca. +0,80} g5 5. Bg3 g4 6.
Nfd2 {deutlich besser ist Sh4} e5 7. Bb5 exd4 8. exd4 Nge7 9. c3 Bf5 10. Qe2
Kf7 {deutlich besser ist h5} 11. f3 Qd7 {auch hier ist h5 noch deutlich besser.
} 12. O-O {Genius +1,06 / Stockfish +1,40 für Weiss} Bh6 $2 {Tasc -0,04, zum
3x war wieder h5 deutlich besser, Stockfish +2,00 für Weiss} 13. Nb3 {viel
besser ist Df2, Stockfish +0,70 für Weiss} b6 {deutlich besser ist Tae8,
Stockfish wieder +2,00 für Weiss mit der Fortsetzung Sd2} 14. fxg4 Bxg4 15.
Qf2 {Weiss steht klar besser, Stockfish +1,30} Nf5 16. Bf4 Bxf4 17. Qxf4 Rhg8
18. N1d2 Rae8 19. Kh1 Re3 20. Rf2 a6 21. Bxa6 Nce7 22. Nf1 {Genius +2,06, an
dieser Stelle gehen die Meinung weit auseinander, Stockfish +2,00 gibt dem
Genius recht.} Re4 {Tasc -0,97} 23. Qd2 Bh5 {deutlich besser ist Sd6,
Stockfish +3,50 für Weiss mit der Fortsetzung Ld3.} 24. Bd3 Rh4 25. Re1 Bg6
26. Rf3 Bh5 {deutlich besser ist Kg7} 27. Rxf5 Nxf5 28. Qf2 Re4 29. Bxe4 dxe4
30. Rxe4 {Weiss hat einen 2. Mehrbauern und die bessere Königsstellung, an
dieser Stelle bei korrekter Fortsetzung keine Chance mehr für Schwarz,
Stockfish +4,00.} Bg6 31. Re1 Re8 32. Rxe8 Qxe8 33. Qf3 Nd6 34. Nbd2 Qe6 35. b3
{deutlich besser ist Dc6} Qe1 36. Qc6 Kg8 {deutlich besser ist Se4} 37. Kg1 Qe7
38. Qf3 Kf8 39. Kf2 {Genius +2,32 / Stockfish +4,00} Qe6 {Tasc -1,69} 40. Ne3
Be4 41. Qf4 Bd3 42. c4 Qe7 43. a4 Ne8 44. g3 h5 45. Kg1 c6 46. d5 c5 47. Kf2
Kf7 48. Qb8 {ein grober Fehler, der um ganze 5 Bauerneinheiten !! schlechter
ist als Sf3, Stockfish nur noch +1,50 für Weiss mit der Fortsetzung Sd6} Qd6
$2 {falsche Figur geht auf d6, Stockfish wieder +6,00 für Weiss.} 49. Qb7+ {
besser ist natürlich einfach Dxd6 und das Endspiel sollte kein Problem mehr
sein,} Kf8 50. Nf3 Qd8 51. Qc6 Nd6 52. Nd2 {viel besser ist Sg2} f5 53. a5 f4
54. gxf4 Qh4+ 55. Kg2 Qxf4 56. axb6 Be4+ 57. Nxe4 Qxe4+ 58. Kf2 Qf4+ 59. Ke2
Qxh2+ 60. Kd3 Qe5 61. Qxc5 Qe7 62. Nf5 Qe4+ {hier könnte man sich den Rest
sicher schon schenken} 63. Kd2 {[%emt 0:00:20] Stockfish Matt in} Qf4+ 64. Kc3
Qc1+ 65. Kb4 Qe1+ 66. Ka4 Qa1+ 67. Qa3 Qxa3+ 68. Kxa3 {Rest geschenkt.} 1-0

[Event "Millennium CG Exclusive - Tasc R30 V2.5"]
[Site "Wien"]
[Date "2021.08.12"]
[Round "76"]
[White "Tasc R30 V2.5, aktiv"]
[Black "Millennium CG Exclusive"]
[Result "0-1"]
[WhiteElo "2335"]
[BlackElo "2402"]
[PlyCount "124"]
[EventDate "2021.??.??"]

1. c4 Nf6 2. Nc3 d5 3. cxd5 Nxd5 4. Nf3 c5 5. g3 {Buchende} Nc7 {Buchende} 6.
e3 {Buchbewertung Tasc +0,31} Nc6 {Buchbewertung Genius +0,10, lt. Stockfish
steht Weiss etwas besser mit +0,30 mit der Fortsetzung d4.} 7. d4 Bg4 8. Be2
cxd4 9. exd4 e6 10. h3 Bh5 11. g4 Bg6 12. a3 Be7 13. b4 $2 {ein schwacher Zug,
viel besser ist 0-0} Nd5 14. Nxd5 Qxd5 15. Be3 {Schwarz steht lt. Stockfish
klar besser mit ca. +1,30} O-O 16. Rc1 b5 17. O-O a6 18. Ne5 {opfert einen
Bauern.} Nxe5 19. dxe5 Qxe5 20. Qd4 Qxd4 21. Bxd4 Be4 22. f3 Bd5 23. Bc5 Rfe8
24. Bxe7 Rxe7 25. Rfd1 Rd7 26. f4 Rad8 27. Bf3 g6 {deutlich besser ist h5} 28.
Bxd5 exd5 {Genius +0,76 / Stockfish +0,50} 29. Rc6 Rd6 30. Rxd6 Rxd6 31. Kf2 d4
32. h4 f5 33. gxf5 gxf5 34. Ke2 Re6+ {besser ist Kg7 was Stockfish mit +0,50
sieht, nach dem Textzug ist die Partie Remis, Stockfish 0,00 mit der
Fortsetzung Kd3.} 35. Kd3 Re4 36. Rc1 Rxf4 37. Rc8+ Kg7 {Genius +1,45, aber
die Stellung ist Remis.} 38. Rc7+ {Tasc -0,72} Kg6 39. Rc6+ Kh5 40. Rxa6 Rxh4
41. Rb6 Rh3+ 42. Kxd4 Rxa3 43. Rxb5 Kg4 44. Rb8 f4 45. b5 f3 46. Rg8+ Kh3 47.
Rf8 $2 {dieser Zug gefährdet das sichere Remis, nötig war Th8 und alles ist
klar für Weiss, nach dem Textzug Stockfish +1,00 für Schwarz mit der
Fortsetzung Kg2} Kg2 48. Rg8+ Kf1 49. Rh8 $2 {der Tasc und Turmendspiele, hier
ist wieder der tödliche Fehler, dieser Zug verliert sofort, nach 49. Ta7 ist
es aus für Weiss, Stockfish +12,00 für Schwarz.} f2 $2 {und der Genius macht
es nicht besser, Stockfish 0,00, das ist viel zu kurzsichtig, Genius sieht
sich hier mit +3,71 im Vorteil, es ist doch offensichtlich, dass Weiss nur den
F-Bauern nehmen braucht und der B-Bauer kann nur noch durch den Turmverlust
gestoppt werden, also das ist jämmerlich um ehrlich zu sein.} 50. b6 $2 {
und jetzt macht der Tasc R 30 nach 12 Minuten Bedenkzeit verwirft er im
letzten Augenblick den Remisbringenden Zug Txh7, den er mit -3,59 bewertet
hatte, und im letzten Augenblick ändert er seine Meinung und bewertet b6 mit
-2,50, Stockfish +60,00 für Schwarz damit ist natürlich alles vorbei, es
gewinnt Kg2.} Kg2 {[%emt 0:00:21] Stockfish Matt in} 51. b7 {Stockfish Matt in
12, länger verzögert noch Tg8+} f1=Q 52. Rg8+ Kh3 {Genius Mattankündigung
in 16 !!!, das ist beachtlich, lt. Stockfish geht das Matt aber schon in 10
Zügen} 53. Rg3+ Rxg3 {[%emt 0:00:10] Genius korrigiert auf Matt in} 54. b8=Q
Qd3+ 55. Kc5 Rg5+ 56. Kc6 Qd5+ 57. Kc7 Rg7+ 58. Kb6 Rg6+ 59. Qd6 Rxd6+ 60. Kc7
Qc6+ 61. Kb8 Qb6+ 62. Kc8 Rd8# 0-1

[Event "Millennium CG Exclusive - Tasc R30 V2.5"]
[Site "Wien"]
[Date "2021.08.13"]
[Round "77"]
[White "Millennium CG Exclusive"]
[Black "Tasc R30 V2.5, aktiv"]
[Result "1-0"]
[WhiteElo "2402"]
[BlackElo "2335"]
[PlyCount "143"]
[EventDate "2021.??.??"]

1. e4 e6 2. d4 d5 3. Nd2 Nf6 {Buchende} 4. Bd3 dxe4 {Buchbewertung Tasc -0,42}
5. Nxe4 Nxe4 6. Bxe4 {Buchende} f5 {ein schlechter Zug der Weiss bereits
klaren Vorteil bringt von +1,50 lt. Stockfish, viel besser ist c5.} 7. Bf3 {
Buchbewertung Genius +0,59} Bd6 8. c3 O-O 9. Ne2 Nc6 10. O-O Bd7 11. Bf4 g5 12.
Bxd6 cxd6 13. Ng3 d5 14. Re1 {deutlich besser ist h3, die Stellung ist im Lot.}
g4 15. Be2 f4 16. Nh1 f3 17. gxf3 gxf3 18. Bxf3 Qf6 19. Bg2 Rf7 20. Re3 {
Genius +1,10 / Stockfish +0,80} Raf8 {Tasc -0,41} 21. Rf3 Qe7 22. Rxf7 Qxf7 23.
Qd3 h5 $2 {ein schlechter Zug den Stockfish mit +1,30 für Weiss bewertet mit
der Fortsetzung Dg3+, deutlich besser ist Se7 was Stockfish mit +0,60 für
Weiss sieht.} 24. Qg3+ Kh8 25. Qh4 $1 {die beste Fortsetzung, nach dem
verlockend aussehenden Zug Tae1 wäre die Stellung ausgeglichen, den Textzug
bewertet Stockfish mit +1,70 für Weiss.} Ne7 26. Re1 Kh7 27. Bh3 $1 {der
beste Zug.} Nc6 $2 {weit mehr Widerstand bot Sf5, Stockfish +4,00 für Weiss
mit der Fortsetzung Te2.} 28. f4 {nicht so stark wie Te2, aber auch diese
Variante wird von Stockfish noch mit +3,00 für Weiss bewertet.} Rg8+ {
deutlich besser ist Dxf4} 29. Ng3 {Genius +1,78 / Stockfish +4,00} Kh6 {
Tasc -0,86} 30. Kh1 a6 31. Rf1 Ne7 32. a3 Nf5 33. Bxf5 exf5 34. Re1 {deutlich
besser ist h3} Qg6 35. Re5 b5 36. Kg1 Qg4 37. Qf6+ Kh7 38. Re7+ Rg7 39. Qxg7+
Qxg7 40. Rxg7+ Kxg7 41. Nxh5+ {Genius +2,54, Weiss tauscht alles ab und
erhält für das Endspiel einen 2. Mehrbauern, das sollte an dieser Stelle
schon reichen, Stockfish +7,50 für Weiss.} Kg6 {Tasc -2,41} 42. Ng3 a5 43. Kg2
a4 44. Nf1 Be6 45. Ne3 Kf6 46. h3 Kg6 47. Nc2 Bf7 48. Nb4 Kh5 49. Kg3 Kg6 50.
Kh4 Kf6 51. Na6 Be8 52. Nc7 Bc6 53. Kh5 Bb7 54. h4 Bc6 55. Kh6 Kf7 56. Kg5 Bd7
57. Nxd5 Bc6 {Stockfish Matt in 19.} 58. Nf6 Bf3 59. h5 Be2 60. h6 {den Rest
kann man sich hier natürlich schon schenken, bin nur neugierig, wann ein Matt
erkannt wird.} Bf3 61. d5 Bg2 62. d6 Bc6 63. d7 Bxd7 64. Nxd7 Ke7 65. Ne5 Kf8 {
[%emt 0:00:08] Tasc Selbstmatt in} 66. Kg6 {[%emt 0:00:08] Genius Matt in} Ke7
67. h7 Kd6 68. h8=Q Kc7 69. Qa8 Kb6 70. Qb8+ Ka6 71. Nd7 b4 72. Qb6# 1-0

[Event "Millennium CG Exclusive - Tasc R30 V2.5"]
[Site "Wien"]
[Date "2021.08.13"]
[Round "78"]
[White "Tasc R30 V2.5, aktiv"]
[Black "Millennium CG Exclusive"]
[Result "0-1"]
[WhiteElo "2335"]
[BlackElo "2402"]
[PlyCount "142"]
[EventDate "2021.??.??"]

1. c4 {Buchende} b6 2. d4 {Buchbewertung Tasc +0,30} Bb7 {Buchende} 3. e4 $2 {
dieses völlig sinnlose Bauernopfer bewertet der Tasc mit +0,34} Bxe4 {
Buchbewertung Genius +0,46, nimmt das Opfer dankend an.} 4. Nc3 Bg6 {deutlich
besser ist Lb7, Stockfish sieht hier die Fortsetzung h4 mit +0,30 für Weiss
trotz des Minusbauern.} 5. h4 {Tasc spielt die stärkste Fortsetzung und
bewertet sogar mit +0,78 !!} h6 6. h5 Bh7 7. Bd3 Bxd3 8. Qxd3 Nf6 9. Bf4 e6 10.
O-O-O d5 11. Nf3 c6 12. cxd5 {deutlich besser ist Se5} Nxd5 13. Nxd5 Qxd5 14.
Kb1 Nd7 15. Rc1 Be7 {Schwarz hat den kompletten Entwicklungsrückstand
aufgeholt und den "gesunden" Mehrbauern behauptet und ausserdem kontrolliert
er das starke Feld d5, Stockfish +1,60 für Schwarz.} 16. Rhe1 O-O {Genius +1,
26} 17. Ne5 {Tasc ist noch viel optimistischer nur -0,41} Nxe5 18. Bxe5 Rfd8
19. Rcd1 {besser ist De4} Bb4 20. Re3 Bd6 21. f4 {Tasc -0,73 Stockfish +4,00
für Schwarz mit der Fortsetzung Lf8} Bxe5 {beinahe gleichwertig mit Lf8} 22.
fxe5 c5 $1 {Genius +1,75, die beste Fortsetzung !, natürlich nicht Dxg2 und
Weiss bekommt Gegenspiel auf der offenen G-Linie (der Tasc hatte übrigens
Dxg2 erwartet, da war aber wohl der Wunsch Vater des Gedankens, den Gefallen
macht ihm der Genius nicht.} 23. dxc5 {Tasc bleibt optimistisch nur -0,66, nun
wäre Dxg2 die beste Fortsetzung was Stockfish mit +4,50 für Schwarz sieht.}
bxc5 $2 {ein ganz schlechter Zug, der fast den gesamten Vorteil verspielt,
Stockfish nur noch +0,70 für Schwarz mit der Fortsetzung Dxd5} 24. Qxd5 Rxd5 {
Genius fällt auf +0,90 Stockfish nur noch +0,20 für Schwarz mit der
Fortsetzung Txd5, aber wir sind wieder einmal in einem Turmendspiel, diesmal
sogar mit allen 4 Türmen und einen Mehrbauern für den Genius, das sieht
trotzdem nicht gut aus für den Tasc.} 25. Kc2 {kaum habe ich es geschrieben
folgt bereits der erste schwache Zug vom Tasc, zwar keine Katastrophe aber
deutlich schlechter als Txd5, Stockfish +0,90 für Schwarz mit der Fortsetzung
Te8.} Rad8 {deutlich schwächer als Te8} 26. Rxd5 exd5 {die Stellung ist im Lot
} 27. e6 Re8 28. exf7+ Kxf7 29. Rf3+ Ke6 30. Re3+ Kd7 31. Ra3 $2 {und die
Archillesferse kommt wieder zum Vorschein, nach Tg3 ist die Stellung im Lot 
(das erwartete auch der Genius), nach dem Textzug ist Schwarz nach Te2+ klar
im Vorteil mit +1,80.} Re2+ 32. Kc1 Rxg2 33. Rxa7+ Kc6 34. a4 c4 $1 {die beste
Fortsetzung, Stockfish +4,60 für Schwarz.} 35. Ra6+ Kc5 36. Ra5+ Kd4 37. Kb1
Rg5 38. Rb5 {der Tasc überbewertet wieder den vorgerückten Freibauern, nur
-0,92 Stockfish bereits +5,60 für Schwarz, der Bauer kann nach Txh5 noch
leicht abgefangen werden.} Rxh5 {Genius ist schon siegessicher +2,95.} 39. a5
Rh1+ 40. Ka2 Re1 41. a6 Re7 42. Rb7 Re6 43. a7 Ra6+ 44. Kb1 g5 45. Kc2 Ra4 {
zielstrebiger ist noch g4, aber hier gewinnt praktisch schon jede plausible
Fortsetzung, Stockfish +7,00 für Schwarz.} 46. Rc7 {Tasc -1,28, woher hier
der Optimismus kommt ist schwer zu verstehen.} Ra2 47. Kb1 Ra6 48. Kc2 Ra4 49.
b4 {Tasc -0,92 ? Stockfish +7,50 für Schwarz} cxb3+ {nun fällt aber auch der
Genius kräftig, nur noch +0,54.} 50. Kxb3 {die Stellung ist aber natürlich
klar gewonnen für Schwarz, Stockfish +8,50} Ra1 51. Rb7 Kc5 {ein ganz
schlechter Zug, der um ganze 5 !! Bauerneinheiten schlechter ist als Ke5,
Stockfish +4,00 für Schwarz.} 52. Kb2 Ra6 53. Kc3 d4+ 54. Kc2 Ra3 55. Kb2 Ra5
56. Kc2 g4 57. Rg7 Kc4 58. Rc7+ Kd5 59. Rd7+ Ke4 60. Re7+ Kf3 61. Kd3 g3 62.
Rf7+ Kg2 63. Kxd4 Kg1 64. Ke3 g2 65. Rf6 h5 66. Rf5 Ra3+ 67. Ke2 h4 68. Rh5
Ra2+ 69. Kd3 Kf2 70. Rf5+ Kg3 71. Rg5+ Kh2 {Rest geschenkt} 0-1